| 000 | 00399nam a22001697a 4500 | ||
|---|---|---|---|
| 005 | 20160622151906.0 | ||
| 008 | 160622b xxu||||| |||| 00| 0 eng d | ||
| 020 | _a0-88405-393-8 | ||
| 041 | _aeng | ||
| 082 | _b9243 | ||
| 100 |
_aJoselyn, robert W _92519 |
||
| 245 | _aDesiging the Marketing Research Project | ||
| 260 | _bRehocalli | ||
| 300 | _a259 | ||
| 650 |
_aManagement _9241 |
||
| 942 | _cBK | ||
| 999 |
_c3579 _d3578 |
||